|
|
|
|
| LEADER |
00000nas a2200000 a 4500 |
| 001 |
ssj0051619 |
| 003 |
WaSeSS |
| 005 |
20200512172242.0 |
| 006 |
m d |
| 007 |
cr n |
| 008 |
950524c19899999sp tr s l0 0spa c |
| 010 |
|
|
|a sn 95017891
|
| 035 |
|
|
|a (WaSeSS)ssj0051619
|
| 040 |
|
|
|a CLU
|b eng
|c CLU
|d NOC
|d OCLCQ
|d OCLCF
|d OCLCO
|d OCLCQ
|d WaSeSS
|
| 042 |
|
|
|a pcc
|
| 043 |
|
|
|a e-sp---
|
| 050 |
1 |
4 |
|a PN1993
|b .N674
|
| 130 |
0 |
|
|a Nosferatu (San Sebastián, Spain)
|
| 245 |
1 |
0 |
|a Nosferatu
|h [electronic resource].
|
| 260 |
|
|
|a San Sebastián :
|b Ayuntamiento de San Sebastián, Patronato Municipal de Teatros y Festivales,
|c 1989-
|
| 310 |
|
|
|a Three no. a year
|
| 362 |
0 |
|
|a No. 1 (oct. 1969)-
|
| 500 |
|
|
|a Title from cover.
|
| 506 |
|
|
|a License restrictions may limit access.
|
| 550 |
|
|
|a Volumes for 1991- issued by Patronato Municipal de Cultura; <sept. 1996-> by Donostia Kultura.
|
| 588 |
|
|
|a Latest issue consulted: 33 (abril 2000).
|
| 650 |
|
0 |
|a Motion pictures
|z Spain
|v Periodicals.
|
| 650 |
|
0 |
|a Motion pictures
|v Periodicals.
|
| 650 |
|
7 |
|a Motion pictures.
|2 fast
|0 (OCoLC)fst01027285
|
| 651 |
|
7 |
|a Spain.
|2 fast
|0 (OCoLC)fst01204303
|
| 655 |
|
0 |
|a Electronic journals.
|
| 710 |
1 |
|
|a San Sebastián (Spain).
|b Patronato Municipal de Teatros y Festivales.
|
| 710 |
1 |
|
|a San Sebastián (Spain).
|b Patronato Municipal de Cultura.
|
| 710 |
2 |
|
|a Donostia Kultura.
|
| 850 |
|
|
|a CLU
|
| 856 |
4 |
0 |
|z Full text available from PRISMA Database with HAPI Index: 06/01/2005 to 06/30/2007
|u https://search.proquest.com/publication/28662
|